00506nam a2200181Ia 450000500170000000800460001703700110006304000080007404000080008204000080009004100080009804100080010608400080011410000420012224500940016426000090025870000570026720260430150159.0008 250103s9999 xx 000 0 eng d aTheses aCRL beng ceng 2eng aeng qCRL aHaque Reyazul Au.; Mohammad Akram Gu. 0aContribution of Abdul Wahhab Mutawe to development of arabic fiction: an analytical study c2022 aUniversity of Delhi. Arts Faculty. Arabic Department